Central Library OPAC University of Rajshahi

গ্রুপতত্ত্ব ও পদার্থবিজ্ঞানে এর প্রয়োগ / (Record no. 68860)

MARC details
000 -LEADER
fixed length control field 00881nam a2200241 a 4500
001 - CONTROL NUMBER
control field 68860
003 - CONTROL NUMBER IDENTIFIER
rucl marc code BD-RjUL
005 - DATE AND TIME OF LATEST TRANSACTION
control field 20211209081822.0
008 - FIXED-LENGTH DATA ELEMENTS--GENERAL INFORMATION
fixed length control field 170406s2002 bg a|||| |||| 001 0 eng d
020 ## - INTERNATIONAL STANDARD BOOK NUMBER
International Standard Book Number 9840742868
035 ## - SYSTEM CONTROL NUMBER
System control number (BD-RjUL)69071
040 ## - CATALOGING SOURCE
Original cataloging agency BD-RjUL
Language of cataloging eng
Transcribing agency BD-RjUL
041 ## - LANGUAGE CODE
Language code of text/sound track or separate title eng
082 ## - DEWEY DECIMAL CLASSIFICATION NUMBER
Edition number 23
Classification number 530
Author mark and year ROG 2002
100 ## - MAIN ENTRY--PERSONAL NAME
Personal name রশীদ, হারুন অর
9 (RLIN) 204047
245 ## - TITLE STATEMENT
Title গ্রুপতত্ত্ব ও পদার্থবিজ্ঞানে এর প্রয়োগ /
Statement of responsibility, etc. হারুন অর রশীদ
260 ## - PUBLICATION, DISTRIBUTION, ETC. (IMPRINT)
Place of publication, distribution, etc. ঢাকা :
Name of publisher, distributor, etc. বাংলা একাডেমী,
Date of publication, distribution, etc. ২০০২
300 ## - PHYSICAL DESCRIPTION
Pagination ২২৪ পৃ. ;
Size ২২ সেমি.
500 ## - GENERAL NOTE
General note নির্ঘন্ট সংযোজিত।
650 ## - SUBJECT ADDED ENTRY--TOPICAL TERM
Topical term or geographic name as entry element পদার্থবিজ্ঞান
9 (RLIN) 204048
Topical term or geographic name as entry element Physics.
9 (RLIN) 204065
942 ## - ADDED ENTRY ELEMENTS (KOHA)
Source of classification or shelving scheme Dewey Decimal Classification
Koha item type Books
Holdings
Lost status Source of classification or shelving scheme Damaged status Not for loan Collection code Permanent Location Current Location Shelving location Date acquired Source of acquisition Cost, normal purchase price Total Checkouts Full call number Date last seen Copy number Koha item type
  Dewey Decimal Classification   Not For Loan Non-fiction Central Library, University of Rajshahi Central Library, University of Rajshahi Reading Room 23/08/2009 Bnagla Academy, Dhaka. 115.00   B 530 ROG 2002 06/04/2017 C-1 Books